|
|
|
|
| LEADER |
01235nam a2200277 a 4500 |
| 001 |
GR-MES12722 |
| 008 |
070710s xxk b 001 0 gre d |
| 020 |
|
|
|a 0199274991
|
| 040 |
|
|
|a GrPaTEI
|b gre
|c GR-PaULI
|
| 040 |
|
|
|a GrPaTEI
|b gre
|c GR-PaULI
|
| 082 |
|
0 |
|a 628
|2 21
|
| 100 |
1 |
|
|a Vanloon, Gary W.
|
| 245 |
1 |
0 |
|a Enviromental chemistry :
|b A global perspective /
|c Gary W. Vanloon, Stephen J. Duffy.
|
| 250 |
|
|
|a 2nd ed.
|
| 260 |
|
|
|a Oxford, New York :
|b Oxford University Press,
|c 2005
|
| 300 |
|
|
|a xvi
|a 515σ. :
|b εικ. ;
|c 25εκ.
|
| 504 |
|
|
|a Περιλαμβάνει βιβλιογραφίες και ευρετήριο.
|
| 650 |
|
0 |
|a Environmental chemistry
|
| 650 |
|
4 |
|a ΠΕΡΙΒΑΝΤΟΛΛΟΓΙΚΗ ΧΗΜΕΙΑ
|
| 653 |
|
|
|a Environmental chemistry--Problems, exercises etc.
|
| 653 |
|
|
|a Περιβαντολλογική χημεία--Προβλήματα, ασκήσεις κτλ.
|
| 700 |
0 |
|
|a Duffy Stephen J.
|
| 942 |
|
|
|2 ddc
|
| 952 |
|
|
|0 0
|1 0
|2 ddc
|4 0
|6 628_000000000000000_VAN
|7 0
|9 271304
|a MSLG
|b MSLG
|c BSC
|d 2021-01-17
|e 24
|f 0
|g 0.00
|l 0
|o 628 VAN
|p 2420000022085
|r 2021-01-17 00:00:00
|t 1
|w 2021-01-17
|y BK15
|x 20070710 0 ΤΣΑΝΤΑΡΛΙΩΤΗ 1
|x GrPaTEI
|
| 971 |
|
|
|a .b2578769x
|b 15-04-20
|c 13-09-16
|
| 999 |
|
|
|c 156690
|d 156690
|